000 00467nam a22001697a 4500
003 SGT
020 _a978-81-312-4230-8
082 _a616.5
_bI17K
100 _aKHANNA,NEENA
245 _aILLUSTRATED SYNOPSIS OF DERMATOLOGY AND SEXUALLY TRANSMITTED DISEASES
250 _a5TH
260 _aNEW DELHI
_bELSEVIER,
_c2017
300 _a460
650 _aAYURVEDA
653 _a SYNOPSIS DERMATOLOGY,SEXUALLY TRANSMITTED, DISEASES, DERMATOLOGY,
942 _2ddc
_cBK
_01
999 _c16918
_d16918